News Of England : (Record no. 187218)
[ view plain ]
| 000 -LEADER | |
|---|---|
| fixed length control field | 01039 a2200169 4500 |
| 003 - CONTROL NUMBER IDENTIFIER | |
| control field | NUST |
| 005 - DATE AND TIME OF LATEST TRANSACTION | |
| control field | 20230131163124.0 |
| 040 ## - CATALOGING SOURCE | |
| Transcribing agency | Nust |
| 082 ## - DEWEY DECIMAL CLASSIFICATION NUMBER | |
| Classification number | 942,NIC |
| 100 ## - MAIN ENTRY--PERSONAL NAME | |
| Personal name | Nichols, Beverley |
| 9 (RLIN) | 17923 |
| 245 ## - TITLE STATEMENT | |
| Title | News Of England : |
| Remainder of title | or A country Without a hero / |
| Statement of responsibility, etc. | Beverley Nichols |
| 260 ## - PUBLICATION, DISTRIBUTION, ETC. | |
| Place of publication, distribution, etc. | London |
| Name of publisher, distributor, etc. | Jonathan Cape |
| Date of publication, distribution, etc. | 1938 |
| 300 ## - PHYSICAL DESCRIPTION | |
| Extent | 316:p. |
| 505 ## - FORMATTED CONTENTS NOTE | |
| Formatted contents note | A Country Without A Hero (Page-11), Towers Of Babel (Page-27), The Sound Of The Sirens (Page-41), Up In The Clouds (Page-57), The Goddess Of Change (Page-71), The Sober Truth (Page-87), The Flock And The Fathers (Page-99), Study In Red (Page-115), Home Of Lost Causes (Page-133), Pagliacci (Page-151), Society Pageant (Page-161), Fine Feathers (Page-175), Divertissement (Page-187), Wave Length (Page-199), Softly,Softly, Catchee Monkey (Page-215), Distressed Area (Page-233), Black Diamonds (Page-247), Down The Mine (Page-257), Interlude At Lincoln (Page-265), Unknown Quantity (Page-281), The Bitter End (Page-305). |
| 650 ## - SUBJECT ADDED ENTRY--TOPICAL TERM | |
| Topical term or geographic name entry element | England |
| 9 (RLIN) | 108302 |
| 942 ## - ADDED ENTRY ELEMENTS (KOHA) | |
| Source of classification or shelving scheme | |
| Koha item type | Book |
| Call number prefix | 942,NIC |
| Withdrawn status | Lost status | Source of classification or shelving scheme | Damaged status | Not for loan | Permanent Location | Current Location | Shelving location | Date acquired | Full call number | Barcode | Date last seen | Price effective from | Koha item type | Public note |
|---|---|---|---|---|---|---|---|---|---|---|---|---|---|---|
| Military College of Signals (MCS) | Military College of Signals (MCS) | General Stacks | 12/12/2016 | 942,NIC | MCS29538 | 12/08/2016 | 12/12/2016 | Book | Almirah No.60, Shelf No.5 |
